Vaikuntha Varrnane (Record no. 1470)

MARC details
000 -LEADER
fixed length control field 00337nam a22001337a 4500
008 - FIXED-LENGTH DATA ELEMENTS--GENERAL INFORMATION
fixed length control field 260530b |||||||| |||| 00| 0 eng d
020 ## - INTERNATIONAL STANDARD BOOK NUMBER
International Standard Book Number 9789381275385
082 ## - DEWEY DECIMAL CLASSIFICATION NUMBER
Classification number 001940
100 ## - MAIN ENTRY--PERSONAL NAME
Personal name Puranik, Hayavadana K
245 ## - TITLE STATEMENT
Title Vaikuntha Varrnane
260 ## - PUBLICATION, DISTRIBUTION, ETC.
Place of publication, distribution, etc. Bangalore
Name of publisher, distributor, etc. Poorna Prajna Samshodhan Trust
Date of publication, distribution, etc. 2023
300 ## - PHYSICAL DESCRIPTION
Extent 258p
942 ## - ADDED ENTRY ELEMENTS (KOHA)
Source of classification or shelving scheme Dewey Decimal Classification
Holdings
Withdrawn status Lost status Source of classification or shelving scheme Damaged status Not for loan Home library Current library Shelving location Date acquired Source of acquisition Inventory number Total Checkouts Full call number Barcode Date last seen Price effective from Koha item type
    Dewey Decimal Classification     Karnataka Samskrit University Library Karnataka Samskrit University Library General Stacks 03/06/2027 Poornaprajna Samshodhana Mandiram 2586   001940 001940 05/30/2026 05/30/2026 Books

Powered by Koha